1492 1864 1371 1889 1803 1274 1670 1289 1418 1895 1944 1694 1469 1836 1428 1109 1052 1245 1475 1788 1204 1789 1572 1803 1452 1027 1923 1983 1721 1606 1254 1069 1687 1731 1449 1439 1581 1527 1306 1143 1027 1153 1892 1342 1954 1762 1663 1515 1146 1511 1764 1248 1179 1497 1104 1244 1811 1082 1533 1315 1372 1695 1909 1384 1455 1651 1846 1563 1674 1510 1700 1911 1151 1212 1417 1170 1605 1824 1075 1568 1102 1750 1117 1974 1373 1570 1238 1584 1473 1073 1324 1680 1109 1442 1711 1715 1229 1762 1778 BCNSPRNW ULIB Ver.6.0+V

เปลี่ยนเป็นภาษาไทย

Change to English
 แสดงรายละเอียดบรรณานุกรม
  กลับหน้าหลัก

Brief Record : Get Marc (ISO 2709) : E-mail record : QR code < ปิดหน้าต่าง
LEADER : 00000nam 2200000uu 4500
001    13399122626
003     ULIB
008    130819s2553||||th 000 0 tha d
020    ^a9789743844454
050  4 ^aHD37.T5^bธ311ก
100 0  ^aธร สุนทรายุทธ
245 10 ^aการบริหารจัดการเชิงจิตวิทยา :^bหลักการ การประยุกต์ และกรณีศึกษา = Psychological management /^cธร สุนทรายุทธ
246 14 ^aPsychological management
250    ^aพิมพ์ครั้งที่ 1
260    ^a[ชลบุรี] :^bศูนย์นวัตกรรมการบริหารและผู้นำทางการศึกษา คณะศึกษาศาสตร์ มหาวิทยาลัยบูรพา,^c2553
300    ^aก-จ, 401 หน้า :^bภาพประกอบ ;^c26 ซม.
650  4 ^aการจัดการ^xแง่จิตวิทยา
710 2  ^aมหาวิทยาลัยบูรพา. ^bคณะศึกษาศาสตร์.^bศูนย์นวัตกรรมการบริหารและผู้นำทางการศึกษา
945    ^p330^l0^i033811
945    ^p330^l0^i033812
999    ^aเกษร โพธิ์สุวรรณ
รายการนี้ยังไม่มีแท็ก
คุณยังไม่ได้ล็อกอิน คุณสามารถมีกิจกรรมร่วมกับเว็บไซต์ได้ แต่ต้องล็อกอินก่อน ::
  ล็อกอิน

รายการสื่อสารสนเทศ

ลำดับที่ ประเภท เลขเรียก/บาร์โค้ด สถานที่ สถานะ
1. การศึกษาทั่วไป
หนังสือสำรอง
สถานะ=หนังสือสำรอง
HD37.T5 ธ311ก ฉ.1 
  Barcode: 033811
ห้องสมุดวิทยาเขตนครสวรรค์
►หนังสือทั่วไป:l:General Books
บนชั้น
2. การศึกษาทั่วไป
การศึกษาทั่วไป
HD37.T5 ธ311ก ฉ.2 
  Barcode: 033812
ห้องสมุดวิทยาเขตนครสวรรค์
►หนังสือทั่วไป:l:General Books
บนชั้น

รายการใกล้เคียง
    ผู้แต่ง [ธร สุนทรายุทธ]

BibComment


ยังไม่เคยถูกคอมเมนท์

คอมเมนท์ทรัพยากรรายการนี้
  คอมเมนท์: การบริหารจัดการเ..


 Copyright 2026. Bcnsprnw @Library